Ciudades de Polonia - ¡Muerte súbita! - Estadísticas

Estadísticas generales
  • Esta prueba ha sido intentada 61 veces
  • La puntuación promedio es 10 de 24
Answers on the Grid
Answers color-coded by a green-red scale on the quiz's grid according to % correct below.
Abuya
Ámsterdam
Aquisgrán
Atenas
Bialystok
Bratislava
Brest
Briansk
Chelm
Ciudad del Cabo
Cracovia
Curitiba
Daugavpils
Debrecen
Elblag
Estocolmo
Estrasburgo
Gliwice
Glogow
Gniezno
Innsbruck
Kalisz
Ketrzyn
Klaipeda
Kolobrzeg
Leszno
Lodz
Nowy Sacz
Oborniki
Osaka
París
Pila
Poznan
Praga
Radom
Rzeszow
Salónica
Shanghái
Siemiatycze
Subotica
Torun
Uppsala
Ústí nad Labem
Vladivostok
Vorónezh
Wloclawek
Wolomin
Yakarta
Zamosc
Zgorzelec
 
Estadísticas de respuestas
Respuesta % Correcto
Cracovia
74%
Lodz
69%
Poznan
69%
Wloclawek
67%
Bialystok
64%
Gliwice
54%
Rzeszow
54%
Zgorzelec
51%
Gniezno
49%
Ketrzyn
49%
Siemiatycze
49%
Zamosc
46%
Kalisz
44%
Leszno
44%
Glogow
41%
Nowy Sacz
38%
Wolomin
36%
Chelm
28%
Radom
26%
Kolobrzeg
23%
Oborniki
23%
Torun
21%
Elblag
13%
Pila
13%
No se encontraron pruebas coincidentes
Distribución de puntuación
Porcentaje de gente con cada puntuación
Porcentaje por número respondido
Historial de tus puntuaciones
No has intentado esta prueba.